000 00437nam a22001577a 4500
005 20250901165807.0
008 010518s2002 ke 000 0 eng
010 _a 2002345071
020 _a9966251197
050 0 0 _aPR 9387.9 .O46 2011
100 1 _aOmowale, David.
245 1 2 _aA season of waiting /
_cDavid Omowale.
260 _aNairobi :
_bEast African Educational Publishers,
_c2002.
300 _a145 p. ;
_c21 cm.
942 _2lcc
999 _c9307
_d9307